Personnalités vivant en l'an 1 - Mort Subite - Statistiques

Statistiques générales
  • Ce quiz a été pris 220 fois
  • Le résultat moyen est 2 sur 12
Answers on the Grid
Answers color-coded by a green-red scale on the quiz's grid according to % correct below.
Cléopâtre
Jules César
Auguste
Néron
Caligula
Agrippine l'Aînée
Agrippine la Jeune
Cicéron
Hannibal
Hérode Ier
Ponce Pilate
Vercingétorix
Ovide
Sénèque
Jésus de Nazareth
Claude
Tibère
Germanicus
Virgile
Marc Antoine
Strabon
Tite-Live
Pline l'Ancien
Jean le Baptiste
 
Statistiques - réponses
Réponse % Correct
Jésus de Nazareth
61%
Auguste
38%
Ponce Pilate
36%
Jean le Baptiste
31%
Claude
16%
Tibère
15%
Germanicus
10%
Sénèque
10%
Ovide
9%
Tite-Live
9%
Agrippine l'Aînée
5%
Strabon
4%
Aucun quiz correspondant
Distribution des résultats
% des personnes avec chaque résultat
Percentile par nombre de réponses
Votre historique - résultats
Vous n’avez pas pris ce quiz